000 00440nam a2200133Ia 4500
008 100328s9999 xx 000 0 und d
082 _b34433
100 _aमोरजे पद्मा
245 _aआत भाहेर (एकांकिका)
260 _bपद्यगंगा
630 _aआत भाहेर (एकांकिका)
730 _aआत भाहेर (एकांकिका)
942 _cBOOK
999 _c524600
_d524597